[Event "DSJ Weihnachtsturnier U16: Lasker 2020"]
[Site ""]
[Date "2020.12.28"]
[Round "5"]
[White "Aumüller, Naum"]
[Black "Bolz, Jannis"]
[Result "1-0"]
[Termination "normal"]
[Board "5.3"]
[WhiteElo "1622"]
[BlackElo "1636"]
[WhiteTeam "SC Bavaria Regensburg von 1881"]
[BlackTeam "Schachgemeinschaft Porz"]
[PlyCount "107"]
[WhiteFideId "16263960"]
[BlackFideId "16214897"]
[EventRounds "7"]
[EventType "team-swiss"]
[EventDate "2020.12.28"]

1. e4 {[%emt 0:00:06]} e5 {[%emt 0:00:06]} 2. Nf3 {[%emt 0:00:03]} Nc6 { [%emt
0:00:04]} 3. Bc4 {[%emt 0:00:02]} Bc5 {[%emt 0:00:06]} 4. c3 {[%emt 0:00:02]}
Nf6 {[%emt 0:00:05]} 5. d3 {[%emt 0:00:05]} O-O {[%emt 0:00:07]} 6. O-O { [%emt
0:00:12]} a6 {[%emt 0:00:18]} 7. Re1 {[%emt 0:00:05]} d6 {[%emt 0:00:10]} 8.
Nbd2 {[%emt 0:00:03]} Ba7 {[%emt 0:00:02]} 9. Nf1 {[%emt 0:00:02]} Ne7 { [%emt
0:00:03]} 10. Ng3 {[%emt 0:00:09]} Ng6 {[%emt 0:00:03]} 11. a4 {[%emt 0:00:30]}
Be6 {[%emt 0:00:21]} 12. Bb3 {[%emt 0:00:17]} Ng4 {[%emt 0:00:33]} 13. Be3
{[%emt 0:00:48]} c6 {[%emt 0:00:44]} 14. h3 {[%emt 0:01:17]} Nf6 {[%emt
0:00:39]} 15. Bxa7 {[%emt 0:00:10]} Rxa7 {[%emt 0:00:03]} 16. d4 {[%emt
0:00:13]} Ra8 {[%emt 0:01:26]} 17. Bc2 {[%emt 0:01:14]} Qe7 {[%emt 0:00:37]}
18. Qd2 { [%emt 0:00:29]} Rad8 {[%emt 0:00:23]} 19. Rad1 {[%emt 0:00:42]} c5
{[%emt 0:00:29]} 20. d5 {[%emt 0:00:19]} Bd7 {[%emt 0:00:08]} 21. Ne2 {[%emt
0:00:16]} Nh5 {[%emt 0:00:30]} 22. Nh2 {[%emt 0:00:46]} Nhf4 {[%emt 0:00:14]}
23. Nxf4 { [%emt 0:00:03]} Nxf4 {[%emt 0:00:04]} 24. Qe3 {[%emt 0:00:02]} Qf6
{[%emt 0:00:13]} 25. Ng4 {[%emt 0:00:20]} Qg6 {[%emt 0:00:14]} 26. Qg3 {[%emt
0:00:15]} f5 {[%emt 0:01:07]} 27. exf5 {[%emt 0:00:20]} Bxf5 {[%emt 0:00:00]}
28. Bxf5 { [%emt 0:00:01]} Qxf5 {[%emt 0:00:06]} 29. Ne3 {[%emt 0:00:03]} Qf7
{[%emt 0:00:16]} 30. Rd2 {[%emt 0:00:34]} Rd7 {[%emt 0:00:51]} 31. Qg4 {[%emt
0:00:09]} Re7 {[%emt 0:00:05]} 32. Nc4 {[%emt 0:00:16]} Qf6 {[%emt 0:00:13]}
33. g3 {[%emt 0:00:24]} h5 {[%emt 0:00:11]} 34. Qh4 {[%emt 0:00:06]} Ng6 {[%emt
0:00:08]} 35. Qxf6 {[%emt 0:00:03]} Rxf6 {[%emt 0:00:03]} 36. h4 {[%emt
0:00:06]} Ref7 { [%emt 0:00:05]} 37. Rde2 {[%emt 0:00:17]} Ne7 {[%emt 0:00:06]}
38. Rd1 { [%emt 0:00:04]} Nf5 {[%emt 0:00:02]} 39. Nd2 {[%emt 0:00:03]} Kh7
{[%emt 0:00:03]} 40. Ne4 {[%emt 0:00:01]} Rg6 {[%emt 0:00:04]} 41. Ng5+ {[%emt
0:00:01]} Kg8 {[%emt 0:00:03]} 42. Nxf7 {[%emt 0:00:01]} Kxf7 {[%emt 0:00:00]}
43. Rd3 { [%emt 0:00:05]} Ne7 {[%emt 0:00:01]} 44. b4 {[%emt 0:00:02]} cxb4
{[%emt 0:00:02]} 45. cxb4 {[%emt 0:00:01]} b5 {[%emt 0:00:03]} 46. axb5 {[%emt
0:00:02]} axb5 {[%emt 0:00:00]} 47. Ra2 {[%emt 0:00:01]} Rf6 {[%emt 0:00:02]}
48. Ra5 { [%emt 0:00:02]} Rf5 {[%emt 0:00:09]} 49. Rxb5 {[%emt 0:00:02]} e4
{[%emt 0:00:01]} 50. Rd2 {[%emt 0:00:04]} g6 {[%emt 0:00:01]} 51. Rb7 {[%emt
0:00:02]} Kf6 {[%emt 0:00:01]} 52. Rd7 {[%emt 0:00:08]} Nxd5 {[%emt 0:00:07]}
53. Rxd6+ { [%emt 0:00:02]} Ke5 {[%emt 0:00:02]} 54. R2xd5# {[%emt 0:00:02]}
1-0

[Event "DSJ Weihnachtsturnier U16: Lasker 2020"]
[Site ""]
[Date "2020.12.28"]
[Round "5"]
[White "Laudwein, Jakob"]
[Black "Pavlov, Liliane"]
[Result "0-1"]
[Termination "time forfeit"]
[Board "5.4"]
[WhiteElo "1559"]
[BlackElo "1740"]
[WhiteTeam "Schachgemeinschaft Porz"]
[BlackTeam "SC Bavaria Regensburg von 1881"]
[PlyCount "76"]
[WhiteFideId "16258487"]
[BlackFideId "16225449"]
[EventRounds "7"]
[EventType "team-swiss"]
[EventDate "2020.12.28"]

1. d4 {[%emt 0:00:08]} c5 {[%emt 0:00:02]} 2. d5 {[%emt 0:00:13]} Nf6 {[%emt
0:00:04]} 3. c4 {[%emt 0:00:03]} e6 {[%emt 0:00:01]} 4. Nc3 {[%emt 0:00:08]}
exd5 {[%emt 0:00:04]} 5. cxd5 {[%emt 0:00:18]} Bd6 {[%emt 0:00:02]} 6. Nf3
{[%emt 0:01:01]} O-O {[%emt 0:00:05]} 7. Bg5 {[%emt 0:00:15]} h6 {[%emt
0:00:15]} 8. Bh4 {[%emt 0:00:03]} a6 {[%emt 0:00:05]} 9. a4 {[%emt 0:00:12]}
Bc7 {[%emt 0:00:04] } 10. e4 {[%emt 0:00:20]} Re8 {[%emt 0:00:05]} 11. Bd3
{[%emt 0:00:08]} d6 { [%emt 0:00:09]} 12. O-O {[%emt 0:00:11]} Bg4 {[%emt
0:00:14]} 13. h3 {[%emt 0:00:29]} Bh5 {[%emt 0:00:32]} 14. Be2 {[%emt 0:00:10]}
Nbd7 {[%emt 0:00:10]} 15. Qb3 {[%emt 0:00:50]} Rb8 {[%emt 0:00:19]} 16. Rfe1
{[%emt 0:00:47]} Ba5 { [%emt 0:00:15]} 17. Bd1 {[%emt 0:01:37]} Qc7 {[%emt
0:00:20]} 18. Nd2 {[%emt 0:00:09]} Bg6 {[%emt 0:00:32]} 19. Bc2 {[%emt
0:00:44]} Bb4 {[%emt 0:00:20]} 20. Nf3 {[%emt 0:01:00]} Bxc3 {[%emt 0:00:44]}
21. Qxc3 {[%emt 0:00:04]} Nxe4 { [%emt 0:00:27]} 22. Bxe4 {[%emt 0:00:26]} Bxe4
{[%emt 0:00:11]} 23. Qc4 { [%emt 0:00:04]} Nb6 {[%emt 0:00:26]} 24. Qb3 {[%emt
0:00:49]} Bxd5 {[%emt 0:00:09]} 25. Qc3 {[%emt 0:00:14]} Bc6 {[%emt 0:00:14]}
26. Bg3 {[%emt 0:00:15]} Nd5 {[%emt 0:00:21]} 27. Qd3 {[%emt 0:00:06]} Rbd8
{[%emt 0:00:31]} 28. Rad1 { [%emt 0:00:03]} Rxe1+ {[%emt 0:00:26]} 29. Rxe1
{[%emt 0:00:02]} Nb4 {[%emt 0:00:01]} 30. Qc3 {[%emt 0:00:03]} Qb6 {[%emt
0:00:17]} 31. Bf4 {[%emt 0:00:02]} Nd5 {[%emt 0:00:03]} 32. Qd2 {[%emt
0:00:04]} Nxf4 {[%emt 0:00:06]} 33. Qxf4 { [%emt 0:00:00]} Qxb2 {[%emt
0:00:03]} 34. Nh4 {[%emt 0:00:03]} g5 {[%emt 0:00:12]} 35. Qf6 {[%emt 0:00:03]}
Qxf6 {[%emt 0:00:02]} 36. Nf3 {[%emt 0:00:03]} Bxf3 {[%emt 0:00:02]} 37. gxf3
{[%emt 0:00:01]} Qxf3 {[%emt 0:00:01]} 38. Re3 { [%emt 0:00:04]} Qd1+ {[%emt
0:00:02] TimeW} 0-1

[Event "DSJ Weihnachtsturnier U16: Lasker 2020"]
[Site ""]
[Date "2020.12.28"]
[Round "5"]
[White "Fuhrmann, Bahne"]
[Black "Falke, Philipp"]
[Result "1-0"]
[Termination "time forfeit"]
[Board "6.1"]
[WhiteElo "1849"]
[BlackElo "1334"]
[WhiteTeam "Hamburger SK von 1830 2"]
[BlackTeam "Post SV Uelzen"]
[PlyCount "85"]
[WhiteFideId "16244842"]
[BlackFideId "16294696"]
[EventRounds "7"]
[EventType "team-swiss"]
[EventDate "2020.12.28"]

1. e4 {[%emt 0:00:58]} c5 {[%emt 0:00:04] HSK04-001 kibitzing!?} 2. Nf3 {[%emt
0:00:02]} d6 {[%emt 0:00:08] HSK04-001 kibitzing!?} 3. Bb5+ {[%emt 0:00:07]}
Bd7 {[%emt 0:00:23] HSK04-001 kibitzing!?} 4. Bxd7+ { [%emt 0:00:06]} Nxd7
{[%emt 0:00:00] HSK04-001 kibitzing!?} 5. O-O {[%emt 0:00:13] HSK04-001
reconnected.} e5 {[%emt 0:00:15] HSK04-001 kibitzing!?} 6. c3 { [%emt 0:00:05]}
g6 {[%emt 0:00:15] HSK04-001 kibitzing!?} 7. d3 {[%emt 0:00:13] } Bg7 {[%emt
0:00:05] HSK04-001 kibitzing!?} 8. Be3 {[%emt 0:00:11]} Ngf6 { [%emt 0:00:08]
HSK04-001 kibitzing!?} 9. Nbd2 {[%emt 0:00:09]} O-O {[%emt 0:00:04] HSK04-001
kibitzing!?} 10. h3 {[%emt 0:00:01]} Nb6 {[%emt 0:00:10] HSK04-001 kibitzing!?}
11. Nb3 {[%emt 0:00:06]} Re8 {[%emt 0:00:16] HSK04-001 kibitzing!? HSK04-001
reconnected.} 12. Re1 {[%emt 0:00:49]} Qd7 {[%emt 0:00:25] HSK04-001
kibitzing!?} 13. Qc2 {[%emt 0:00:21]} Rac8 {[%emt 0:00:26] HSK04-001
kibitzing!?} 14. Rad1 {[%emt 0:00:21]} d5 {[%emt 0:00:29] HSK04-001
kibitzing!?} 15. exd5 {[%emt 0:00:07]} Nfxd5 {[%emt 0:00:06] HSK04-001
kibitzing!?} 16. Bxc5 {[%emt 0:00:12]} Na4 {[%emt 0:00:35] HSK04-001
kibitzing!?} 17. Be3 {[%emt 0:00:15]} b5 {[%emt 0:01:17] HSK04-001 kibitzing!?}
18. a3 {[%emt 0:00:25]} a6 {[%emt 0:00:35] HSK04-001 kibitzing!?} 19. Qd2 {
[%emt 0:00:57]} Qe6 {[%emt 0:00:12] HSK04-001 kibitzing!?} 20. Bh6 {[%emt
0:00:39]} Ndxc3 {[%emt 0:00:49] HSK04-001 kibitzing!?} 21. Bxg7 {[%emt
0:01:02]} Kxg7 {[%emt 0:00:07] HSK04-001 kibitzing!?} 22. Nbd4 {[%emt 0:00:16]}
Qd5 { [%emt 0:00:47] HSK04-001 kibitzing!?} 23. Nf5+ {[%emt 0:00:21]} gxf5
{[%emt 0:01:00] HSK04-001 kibitzing!?} 24. Qg5+ {[%emt 0:00:23]} Kf8 {[%emt
0:00:22]} 25. Qh6+ {[%emt 0:00:05] HSK04-001 received Ill MvData=47. g7-f8
(2249cs)} Kg8 {[%emt 0:00:18] HSK04-001 kibitzing!?} 26. Qg5+ {[%emt 0:02:18]}
Kf8 {[%emt 0:00:06] HSK04-001 kibitzing!?} 27. Qh6+ {[%emt 0:00:05]} Kg8 {[%emt
0:00:04]} 28. bxc3 {[%emt 0:00:01] HSK04-001 received Ill MvData=53. f8-g8
(411cs)} Nxc3 {[%emt 0:00:08] HSK04-001 kibitzing!?} 29. Qg5+ {[%emt 0:00:07]}
Kf8 {[%emt 0:00:03]} 30. Qh6+ {[%emt 0:00:01]} Kg8 {[%emt 0:00:01] HSK04-001
received Ill MvData=57. g8-f8 (258cs) HSK04-001 kibitzing!?} 31. Ng5 {[%emt
0:00:06]} Nxd1 { [%emt 0:00:18]} 32. Nxh7 {[%emt 0:00:01] HSK04-001 received
Ill MvData=61. c3-d1 (1835cs)} Rc6 {[%emt 0:00:14]} 33. Nf6+ {[%emt 0:00:01]
HSK04-001 received Ill MvData=63. c8-c6 (1421cs)} Rxf6 {[%emt 0:00:08]} 34.
Qxf6 { [%emt 0:00:01] HSK04-001 received Ill MvData=65. c6-f6 (798cs)} Qe6
{[%emt 0:00:29]} 35. Qg5+ {[%emt 0:00:02] HSK04-001 received Ill MvData=67.
d5-e6 (2864cs)} Qg6 {[%emt 0:00:03]} 36. Qxg6+ {[%emt 0:00:01]} fxg6 {[%emt
0:00:01]} 37. Rxd1 {[%emt 0:00:00] HSK04-001 received Ill MvData=69. e6-g6
(291cs)} Rd8 { [%emt 0:00:03] HSK04-001 received Ill MvData=71. f7-g6 (70cs)}
38. Kf1 { [%emt 0:00:01] HSK04-001 received Ill MvData=73. e8-d8 (271cs)} e4
{[%emt 0:00:02]} 39. Ke2 {[%emt 0:00:01] HSK04-001 received Ill MvData=75.
e5-e4 (237cs)} exd3+ {[%emt 0:00:14]} 40. Rxd3 {[%emt 0:00:00] HSK04-001
received Ill MvData=77. e4-d3 (1396cs)} Rc8 {[%emt 0:00:05]} 41. Rd6 {[%emt
0:00:02] HSK04-001 received Ill MvData=79. d8-c8 (530cs)} Rc3 {[%emt 0:00:04]}
42. Rxa6 {[%emt 0:00:02] HSK04-001 received Ill MvData=81. c8-c3 (350cs)} Rb3
{[%emt 0:00:05] '} 43. Rxg6+ {[%emt 0:00:01] HSK04-001 received Ill MvData=83.
c3-b3 (456cs) TimeB} 1-0

[Event "DSJ Weihnachtsturnier U16: Lasker 2020"]
[Site ""]
[Date "2020.12.28"]
[Round "5"]
[White "Genov, Valentin"]
[Black "Schulze, Max Peter"]
[Result "0-1"]
[Termination "normal"]
[Board "6.3"]
[WhiteTitle "CM"]
[WhiteElo "1826"]
[BlackElo "1125"]
[WhiteTeam "Hamburger SK von 1830 2"]
[BlackTeam "Post SV Uelzen"]
[PlyCount "46"]
[WhiteFideId "2919745"]
[BlackFideId "16272200"]
[EventRounds "7"]
[EventType "team-swiss"]
[EventDate "2020.12.28"]

1. d4 {[%emt 0:00:04]} Nf6 {[%emt 0:00:09]} 2. c4 {[%emt 0:00:09]} g6 {[%emt
0:00:05]} 3. Nc3 {[%emt 0:00:05]} Bg7 {[%emt 0:00:03]} 4. e4 {[%emt 0:00:03]}
d6 {[%emt 0:00:04]} 5. f3 {[%emt 0:00:01]} O-O {[%emt 0:00:05]} 6. Bg5 {[%emt
0:00:02]} Nc6 {[%emt 0:00:18]} 7. Qd2 {[%emt 0:00:22]} Re8 {[%emt 0:00:05]} 8.
Be2 {[%emt 0:00:22]} e5 {[%emt 0:00:04]} 9. d5 {[%emt 0:00:34]} Nd4 {[%emt
0:00:08]} 10. Bd1 {[%emt 0:00:07]} c5 {[%emt 0:00:09]} 11. dxc6 {[%emt
0:00:35]} bxc6 {[%emt 0:00:04]} 12. Nge2 {[%emt 0:00:02]} Qb6 {[%emt 0:00:35]}
13. Nxd4 { [%emt 0:00:41]} exd4 {[%emt 0:00:06]} 14. Na4 {[%emt 0:00:12]} Qa6
{[%emt 0:00:06]} 15. c5 {[%emt 0:00:44]} d5 {[%emt 0:00:22]} 16. b3 {[%emt
0:01:39]} dxe4 { [%emt 0:00:10]} 17. Be2 {[%emt 0:00:02]} d3 {[%emt 0:00:19]}
18. h4 {[%emt 0:01:30]} dxe2 {[%emt 0:00:34]} 19. h5 {[%emt 0:00:24]} Nxh5
{[%emt 0:00:46]} 20. Bh6 {[%emt 0:00:43]} Bxa1 {[%emt 0:00:18]} 21. Rxh5 {[%emt
0:00:06]} Qd3 { [%emt 0:01:02]} 22. Qg5 {[%emt 0:00:17]} Qd1+ {[%emt 0:00:15]}
23. Kf2 { [%emt 0:00:10]} e1=Q# {[%emt 0:00:04]} 0-1

[Event "DSJ Weihnachtsturnier U16: Lasker 2020"]
[Site ""]
[Date "2020.12.28"]
[Round "5"]
[White "Abu Laila, Faris"]
[Black "Müller, Linus"]
[Result "0-1"]
[Termination "normal"]
[Board "6.4"]
[WhiteElo "1001"]
[BlackElo "1578"]
[WhiteTeam "Post SV Uelzen"]
[BlackTeam "Hamburger SK von 1830 2"]
[PlyCount "90"]
[WhiteFideId "34641424"]
[BlackFideId "16245946"]
[EventRounds "7"]
[EventType "team-swiss"]
[EventDate "2020.12.28"]

1. e4 {[%emt 0:00:08]} c5 {[%emt 0:00:02]} 2. Nf3 {[%emt 0:00:03]} Nc6 { [%emt
0:00:01]} 3. Nc3 {[%emt 0:00:03]} g6 {[%emt 0:00:02]} 4. d4 {[%emt 0:00:06]}
cxd4 {[%emt 0:00:02]} 5. Nxd4 {[%emt 0:00:02]} Bg7 {[%emt 0:00:01]} 6. Nxc6
{[%emt 0:00:07]} bxc6 {[%emt 0:00:02]} 7. Bc4 {[%emt 0:00:04]} e6 { [%emt
0:00:05]} 8. O-O {[%emt 0:00:05]} d5 {[%emt 0:00:02]} 9. exd5 {[%emt 0:00:03]}
cxd5 {[%emt 0:00:01]} 10. Bb5+ {[%emt 0:00:03]} Bd7 {[%emt 0:00:01]} 11. Bf4
{[%emt 0:00:10]} Bxc3 {[%emt 0:00:47]} 12. Bxd7+ {[%emt 0:00:09]} Qxd7 {[%emt
0:00:01]} 13. bxc3 {[%emt 0:00:01]} Rc8 {[%emt 0:00:02]} 14. Be5 { [%emt
0:00:10]} f6 {[%emt 0:00:02]} 15. Qd4 {[%emt 0:00:16]} Rc4 {[%emt 0:00:26]} 16.
Bxf6 {[%emt 0:01:09]} Rxd4 {[%emt 0:00:15]} 17. Bxd4 {[%emt 0:00:08]} Nf6
{[%emt 0:00:15]} 18. Bxf6 {[%emt 0:00:04]} Rf8 {[%emt 0:00:01]} 19. Bd4 { [%emt
0:00:14]} h5 {[%emt 0:00:14]} 20. Rab1 {[%emt 0:00:07]} Ke7 {[%emt 0:00:06]}
21. Bc5+ {[%emt 0:00:05]} Kf7 {[%emt 0:00:08]} 22. Bxf8 {[%emt 0:00:04]} Kxf8
{[%emt 0:00:00]} 23. Rb4 {[%emt 0:00:08]} Kf7 {[%emt 0:00:18]} 24. Rfb1 { [%emt
0:00:05]} Kf6 {[%emt 0:00:02]} 25. Rb7 {[%emt 0:00:15]} Qa4 {[%emt 0:00:07]}
26. R1b2 {[%emt 0:00:10]} g5 {[%emt 0:00:24]} 27. g3 {[%emt 0:00:13]} h4 {
[%emt 0:00:13]} 28. R7b4 {[%emt 0:00:16]} Qc6 {[%emt 0:00:08]} 29. gxh4 { [%emt
0:00:04]} gxh4 {[%emt 0:00:07]} 30. Rxh4 {[%emt 0:00:04]} Qxc3 {[%emt 0:00:02]}
31. Rhb4 {[%emt 0:00:10]} Qe1+ {[%emt 0:00:18]} 32. Kg2 {[%emt 0:00:05] } Qe5
{[%emt 0:00:02]} 33. Rb1 {[%emt 0:00:19]} Qg5+ {[%emt 0:00:14]} 34. Kf3 { [%emt
0:00:12]} Qh5+ {[%emt 0:00:12]} 35. Ke3 {[%emt 0:00:21]} Qg5+ {[%emt 0:00:05]}
36. f4 {[%emt 0:00:12]} Qg2 {[%emt 0:00:05]} 37. Ra1 {[%emt 0:00:19]} Qxc2
{[%emt 0:00:22]} 38. Rbb1 {[%emt 0:00:48]} Qe4+ {[%emt 0:00:14]} 39. Kd2 {
[%emt 0:00:05]} Qxf4+ {[%emt 0:00:04]} 40. Kd3 {[%emt 0:00:22]} Qe4+ {[%emt
0:00:05]} 41. Kc3 {[%emt 0:00:06]} Qe5+ {[%emt 0:00:02]} 42. Kb4 {[%emt
0:00:04]} Qd4+ {[%emt 0:00:05]} 43. Kb5 {[%emt 0:00:03]} Qc4+ {[%emt 0:00:05]}
44. Ka5 { [%emt 0:00:03]} Qc5+ {[%emt 0:00:10]} 45. Rb5 {[%emt 0:00:05]} Qa3#
{[%emt 0:00:08]} 0-1

[Event "DSJ Weihnachtsturnier U16: Lasker 2020"]
[Site ""]
[Date "2020.12.28"]
[Round "5"]
[White "Hoffmann, Kay"]
[Black "Nguyen, Alex Dac-Vuong"]
[Result "0-1"]
[Termination "normal"]
[Board "7.1"]
[BlackTitle "FM"]
[WhiteElo "1583"]
[BlackElo "2307"]
[WhiteTeam "Barnimer Schachfreunde im SV Stahl Finow"]
[BlackTeam "Schachgemeinschaft Leipzig"]
[PlyCount "48"]
[WhiteFideId "16227000"]
[BlackFideId "12984388"]
[EventRounds "7"]
[EventType "team-swiss"]
[EventDate "2020.12.28"]

1. f4 {[%emt 0:00:05]} c5 {[%emt 0:00:05]} 2. Nf3 {[%emt 0:00:02]} d5 {[%emt
0:00:04]} 3. e3 {[%emt 0:00:03]} Nf6 {[%emt 0:00:07]} 4. b3 {[%emt 0:00:03]} g6
{ [%emt 0:00:28]} 5. Bb2 {[%emt 0:00:05]} Bg7 {[%emt 0:00:02]} 6. Bb5+ {[%emt
0:00:04]} Bd7 {[%emt 0:00:03]} 7. Bxd7+ {[%emt 0:00:06]} Nbxd7 {[%emt 0:00:00]}
8. Na3 {[%emt 0:00:02]} O-O {[%emt 0:00:03]} 9. c4 {[%emt 0:00:03]} Rc8 { [%emt
0:00:06]} 10. cxd5 {[%emt 0:00:03]} Nb6 {[%emt 0:00:06]} 11. Nb5 { [%emt
0:00:18]} a6 {[%emt 0:00:09]} 12. Na3 {[%emt 0:00:25]} Nbxd5 {[%emt 0:00:11]}
13. Ne5 {[%emt 0:00:18]} b5 {[%emt 0:00:12]} 14. Rc1 {[%emt 0:00:12]} Nd7
{[%emt 0:00:11]} 15. d4 {[%emt 0:00:28]} Nxe3 {[%emt 0:00:13]} 16. Qe2 { [%emt
0:00:27]} cxd4 {[%emt 0:00:11]} 17. Rxc8 {[%emt 0:00:07]} Qxc8 {[%emt 0:00:00]}
18. Nxd7 {[%emt 0:00:02]} Qxd7 {[%emt 0:00:05]} 19. Nc2 {[%emt 0:00:03] } Nxc2+
{[%emt 0:00:08]} 20. Qxc2 {[%emt 0:00:03]} Rc8 {[%emt 0:00:38]} 21. Qd3 {[%emt
0:00:11]} Qe6+ {[%emt 0:00:02]} 22. Kd1 {[%emt 0:00:28]} Qg4+ {[%emt 0:00:10]}
23. Qf3 {[%emt 0:00:36]} Qf5 {[%emt 0:00:06]} 24. Qe2 {[%emt 0:00:27]} Qb1+
{[%emt 0:00:04]} 0-1

[Event "DSJ Weihnachtsturnier U16: Lasker 2020"]
[Site ""]
[Date "2020.12.28"]
[Round "5"]
[White "Haufe, Laurin"]
[Black "Beyer, Clemens"]
[Result "1-0"]
[Termination "normal"]
[Board "7.2"]
[WhiteElo "2052"]
[BlackElo "1658"]
[WhiteTeam "Schachgemeinschaft Leipzig"]
[BlackTeam "Barnimer Schachfreunde im SV Stahl Finow"]
[PlyCount "125"]
[WhiteFideId "12976504"]
[BlackFideId "16245407"]
[EventRounds "7"]
[EventType "team-swiss"]
[EventDate "2020.12.28"]

1. e4 {[%emt 0:00:02]} c6 {[%emt 0:00:03]} 2. d4 {[%emt 0:00:02]} d5 {[%emt
0:00:01]} 3. Nc3 {[%emt 0:00:01]} dxe4 {[%emt 0:00:01]} 4. Nxe4 {[%emt
0:00:00]} Bf5 {[%emt 0:00:02]} 5. Ng3 {[%emt 0:00:01]} Bg6 {[%emt 0:00:05]} 6.
h4 { [%emt 0:00:01]} h6 {[%emt 0:00:02]} 7. Nh3 {[%emt 0:00:01]} Nf6 {[%emt
0:00:06] } 8. Nf4 {[%emt 0:00:01]} Bh7 {[%emt 0:00:03]} 9. c3 {[%emt 0:00:09]}
e6 { [%emt 0:00:02]} 10. Bc4 {[%emt 0:00:05]} Bd6 {[%emt 0:00:53]} 11. O-O
{[%emt 0:00:07]} Qe7 {[%emt 0:00:08]} 12. Re1 {[%emt 0:00:07]} Bxf4 {[%emt
0:00:11]} 13. Bxf4 {[%emt 0:00:00]} O-O {[%emt 0:00:02]} 14. Nh5 {[%emt
0:01:04]} Nxh5 { [%emt 0:00:18]} 15. Qxh5 {[%emt 0:00:00]} Nd7 {[%emt 0:00:22]}
16. Bg3 { [%emt 0:00:11]} Nf6 {[%emt 0:00:05]} 17. Qe5 {[%emt 0:00:17]} Rfe8
{[%emt 0:00:23]} 18. a4 {[%emt 0:00:13]} Nd7 {[%emt 0:00:48]} 19. Qf4 {[%emt
0:00:34]} Nb6 {[%emt 0:00:19]} 20. Bb3 {[%emt 0:00:05]} Nd5 {[%emt 0:00:04]}
21. Qe5 { [%emt 0:00:07]} Qd7 {[%emt 0:00:18]} 22. a5 {[%emt 0:00:08]} Rac8
{[%emt 0:00:45]} 23. Bc4 {[%emt 0:00:46] Barnim2-002 offers a draw} Bg6 {[%emt
0:01:31]} 24. Qe2 {[%emt 0:00:18]} Bh7 {[%emt 0:00:28]} 25. Be5 {[%emt
0:00:05]} Bg6 { [%emt 0:01:25]} 26. Qg4 {[%emt 0:01:19]} h5 {[%emt 0:00:56]}
27. Qg3 {[%emt 0:00:08]} Ne7 {[%emt 0:00:08]} 28. Bd3 {[%emt 0:00:07]} Nf5
{[%emt 0:00:05]} 29. Bxf5 {[%emt 0:00:02]} exf5 {[%emt 0:00:01]} 30. Bf4 {[%emt
0:00:05]} Rxe1+ { [%emt 0:00:10]} 31. Rxe1 {[%emt 0:00:00]} Re8 {[%emt
0:00:01]} 32. Re3 { [%emt 0:00:08]} Rxe3 {[%emt 0:00:09]} 33. Qxe3 {[%emt
0:00:00]} Qe6 {[%emt 0:00:01]} 34. b4 {[%emt 0:00:29]} Qxe3 {[%emt 0:00:07]}
35. fxe3 {[%emt 0:00:01]} Kf8 {[%emt 0:00:02]} 36. c4 {[%emt 0:00:01]} Ke8
{[%emt 0:00:04]} 37. b5 { [%emt 0:00:01]} Kd7 {[%emt 0:00:09]} 38. a6 {[%emt
0:00:03]} bxa6 {[%emt 0:00:20]} 39. bxa6 {[%emt 0:00:00]} Kc8 {[%emt 0:00:09]}
40. Kf2 {[%emt 0:00:04]} f6 {[%emt 0:00:01]} 41. Ke2 {[%emt 0:00:02]} Bf7
{[%emt 0:00:03]} 42. Kd3 { [%emt 0:00:01]} Be6 {[%emt 0:00:16]} 43. Bd6 {[%emt
0:00:09]} Kd8 {[%emt 0:00:08]} 44. Bb8 {[%emt 0:00:05]} Bc8 {[%emt 0:00:02]}
45. Bxa7 {[%emt 0:00:05]} Bxa6 {[%emt 0:00:02]} 46. Bc5 {[%emt 0:00:01]} Kd7
{[%emt 0:00:05]} 47. Bb4 { [%emt 0:00:10]} g6 {[%emt 0:00:01]} 48. Kc3 {[%emt
0:00:09]} Ke6 {[%emt 0:00:03]} 49. Bf8 {[%emt 0:00:07]} g5 {[%emt 0:00:02]} 50.
g3 {[%emt 0:00:06]} gxh4 {[%emt 0:00:03]} 51. gxh4 {[%emt 0:00:00]} Kf7 {[%emt
0:00:07]} 52. Bh6 { [%emt 0:00:01]} Kg6 {[%emt 0:00:01]} 53. Bf4 {[%emt
0:00:01]} Kf7 {[%emt 0:00:01]} 54. Kb4 {[%emt 0:00:02]} Ke6 {[%emt 0:00:01]}
55. Kc5 {[%emt 0:00:01]} Bb7 {[%emt 0:00:01]} 56. Kb6 {[%emt 0:00:01]} Bc8
{[%emt 0:00:01]} 57. Kxc6 { [%emt 0:00:02]} Bd7+ {[%emt 0:00:01]} 58. Kc7
{[%emt 0:00:02]} Ba4 {[%emt 0:00:01]} 59. d5+ {[%emt 0:00:02]} Ke7 {[%emt
0:00:01]} 60. d6+ {[%emt 0:00:04]} Ke8 {[%emt 0:00:03]} 61. c5 {[%emt 0:00:02]}
Bb3 {[%emt 0:00:04]} 62. c6 {[%emt 0:00:02]} Ba4 {[%emt 0:00:01]} 63. d7+
{[%emt 0:00:02]} 1-0